Đẩy mạnh học tập và làm theo tấm gương đạo đức Hồ Chí Minh : Tài liệu học tập trong cuộc vận động học tập và làm theo tấm gương đạo đức Hồ Chí Minh
Nội dung của quyển sách viết về đẩu mạnh học tập và làm theo tấm gương đạo đức Hồ chí Minh. Gồm 3 chuyên đề : đẩy mạnh học tập và làm theo tấm gương đạo đức Hồ Chí Minh trong giai đoạn hiện nay,giới thiệu tác phẩm nâng cao đạo đức cá...
Bewaard in:
| Coauteur: | |
|---|---|
| Formaat: | Boek |
| Taal: | Undetermined |
| Gepubliceerd in: |
Hà Nội
Chính trị quốc gia
2007
|
| Onderwerpen: | |
| Tags: |
Voeg label toe
Geen labels, Wees de eerste die dit record labelt!
|
| Thư viện lưu trữ: | Trung tâm Học liệu Trường Đại học Cần Thơ |
|---|
| LEADER | 01443nam a2200229Ia 4500 | ||
|---|---|---|---|
| 001 | CTU_180112 | ||
| 008 | 210402s9999 xx 000 0 und d | ||
| 020 | |c 5000 | ||
| 082 | |a 335.4346 | ||
| 082 | |b B105 | ||
| 110 | |a Ban tư tưởng-văn hóa Trung ương | ||
| 245 | 0 | |a Đẩy mạnh học tập và làm theo tấm gương đạo đức Hồ Chí Minh : | |
| 245 | 0 | |b Tài liệu học tập trong cuộc vận động học tập và làm theo tấm gương đạo đức Hồ Chí Minh | |
| 245 | 0 | |c Ban tư tưởng - Văn hóa trung ương | |
| 260 | |a Hà Nội | ||
| 260 | |b Chính trị quốc gia | ||
| 260 | |c 2007 | ||
| 520 | |a Nội dung của quyển sách viết về đẩu mạnh học tập và làm theo tấm gương đạo đức Hồ chí Minh. Gồm 3 chuyên đề : đẩy mạnh học tập và làm theo tấm gương đạo đức Hồ Chí Minh trong giai đoạn hiện nay,giới thiệu tác phẩm nâng cao đạo đức cách mạng quét sạch chủ nghĩa cá nhân của Chủ tịch Hồ Chí Minh,Giới thiệu tác phẩm Di Chúc của chủ tịch Hồ Chí Minh | ||
| 650 | |a Ho Chi Minh,Hồ Chí Minh | ||
| 650 | |x Biography,Tiểu sử Hồ Chí Minh | ||
| 904 | |i Sony, Thy | ||
| 980 | |a Trung tâm Học liệu Trường Đại học Cần Thơ | ||